| 000 | 01260nam1a2200325 i 4500 | ||
|---|---|---|---|
| 001 | RU\NLR\bibl\1271125 | ||
| 005 | 20260607031115.0 | ||
| 010 |
_a978-5-09-017144-1 _910000 |
||
| 035 | _a(NLR Aleph) 001256996 | ||
| 090 |
_a355008 _c355008 |
||
| 100 | _a20080910d2008 u y0rusy50 ca | ||
| 101 | 0 | _arus | |
| 102 | _aRU | ||
| 105 | _a||||z ||||| | ||
| 200 | 1 |
_aОт слова к букве _eучебное пособие для подготовки детей к школе _eв 2 ч. _fН.А. Федосова |
|
| 205 | _a2-е изд. | ||
| 210 |
_aМосква _cПросвещение _d2008 |
||
| 215 | _d26 | ||
| 225 | 1 | _aПреемственность | |
| 463 | 0 | _10011249633 | |
| 463 | 0 | _10011249631 | |
| 606 |
_aДошкольники _jУчебные издания _xРазвитие речи _9957151 _3RU\NLR\auth\66356888 |
||
| 606 | 1 |
_aДошкольники _jУчебные издания _xРазвитие внимания _92089887 _3RU\NLR\auth\661265031 |
|
| 686 | _aЧ411.382.11я7 | ||
| 700 | 1 |
_4070 _7ca _8rus _aФедосова _bН. А. _gНина Алексеевна _91784 _3RU\NLR\auth\7718708 |
|
| 801 | 0 |
_aRU _bNLR _c20080910 _gRCR |
|
| 801 | 1 |
_aRU _bNLR _c20080910 |
|
| 852 |
_aNLR _j2008-7/4214 |
||
| 942 | _cBOOK | ||